| 000 | 00715nam a22002057a 4500 | ||
|---|---|---|---|
| 003 | BUBTL | ||
| 008 | 221117b ||||| |||| 00| 0 eng d | ||
| 020 | _a9847002006989 | ||
| 082 | _a1209/ G872m/ 2021 | ||
| 100 |
_94914 _aGrierson, Herbert J.C. |
||
| 245 |
_aMetaphysical Lyrics and Poems of The Seventeenth Century/ _cHerbert J.C. Grierson |
||
| 300 |
_al, 246, p,: _c21 cm |
||
| 440 |
_94221 _aFriends' Classics |
||
| 500 | _aInclude Index | ||
| 505 | _aMetaphysical Lyrics and Poems of The Seventeenth Century, Herbert J.C. Grierson, Friends' Book Corner | ||
| 650 | 0 |
_91994 _aEnglish Literature |
|
| 856 |
_k0 _l0 _yDownload |
||
| 942 |
_2ddc _cBK |
||
| 999 |
_c6801 _d6801 |
||